|
|
|
|
| LEADER |
00834nam a2200241 a 4500 |
| 001 |
GR-Patra14085 |
| 008 |
970626s1998 nyu g 001 b eng d |
| 020 |
|
|
|a 0471165468
|
| 040 |
|
|
|a GrPaTEI
|b gre
|c GR-PaULI
|
| 040 |
|
|
|a GrPaTEI
|b gre
|c GR-PaULI
|
| 040 |
|
|
|a GrPaTEI
|b gre
|c GR-PaULI
|
| 082 |
|
0 |
|a 519.5
|2 21
|
| 100 |
1 |
|
|a Mann, Prem S.
|
| 245 |
1 |
0 |
|a Introductory statistics /
|c Prem S. Mann.
|
| 250 |
|
|
|a 3rd ed.
|
| 260 |
|
|
|a New York :
|b J. Wiley,
|c c1998
|
| 300 |
|
|
|a xxiii, 789 σ. :
|b εικ.
|
| 650 |
|
0 |
|a STATISTICS
|
| 650 |
|
4 |
|a Στατιστική
|
| 942 |
|
|
|2 ddc
|
| 952 |
|
|
|0 0
|1 0
|2 ddc
|4 0
|6 519_500000000000000_MAN
|7 0
|9 293076
|a LISK
|b LISK
|c BSC
|d 2021-01-17
|e 24
|f 0
|g 0.00
|l 0
|o 519.5 MAN
|p 92410016409
|r 2021-01-17 00:00:00
|t 1
|w 2021-01-17
|y BK15
|x 20001212 0 1
|x GrPaTEI
|
| 971 |
|
|
|a .b26616002
|b 15-04-20
|c 23-09-16
|
| 999 |
|
|
|c 171330
|d 171330
|